000 01289nam a22002417a 4500
001 6639
003 FISKH
005 20250516145303.0
008 250516b cb ||||| |||| 00| 0 eng d
040 _aFISKH
_bkhr
_cFISKH
_dFISKH
082 _a510
100 _aPork, Khorn
245 _aវិញ្ញាសាគណិតវិទ្យា /
_cរៀបរៀងដោយលោក ខន ភោគ , វាយអត្ថបទដោយលោក គៀត ប្រណីត​
260 _aភ្នំពេញ :
_bបណ្ណាគារ សុផាយ៉ា ,
_c២០០៨ .
300 _a136 pages :
_billustrations ;
_c20 cm .
520 _aសៀវភៅវិញ្ញាសាគណិតវិទ្យានេះអាចជាជំនួយដល់សិស្សដែលធ្លាប់ប្រលងយកអាហារូបករណ៏ទៅក្រៅប្រទេសឆ្នាំ ២០០០ឥ២០០៨​។​
520 _aThis mathematics exercise book may have been a helpful resource for students who took scholarship exams to study abroad between the years 2000 and 2008.
650 _aគណិតវិទ្យា​
650 _aMathematic
700 _aBronit, Kiet
_eIllustrator
942 _2ddc
_cKHB
_n0
999 _c6639
_d6639